Entertainment: Initials AH-ZH Quiz Stats

 Plays Quiz not verified by Sporcle

Also try: Name That King
Challenge
Share
Tweet
Embed
Score 0/26 Timer 08:00
0 Plays Today
Hint Answer % Correct
N/A-
100%
N/A-
96.9%
N/A-
96.9%
N/A-
96.9%
Movie: Had a Big Adventure. TV: Had a Saturday morning Playhouse.Pee-Wee Herman
78.1%
Band: Hard rock brothers Eddie and Alex. Gary and Sammy were lead singers, but their most success was when David Jumped in.Van Halen
78.1%
Singer: 'That'll be the day that I die.' That day ended up being Feb. 3, 1959, 'the day the music died'.Buddy Holly
75%
Movie: Jo Harding in Twister. TV: Jamie Buchman on Mad About You.Helen Hunt
75%
Actress: In 1954, she was a Fairchild. In 1964, she was a Fair Lady.Audrey Hepburn
71.9%
TV Show: Adam Arkin and Hector Elizondo in a major Illinois hospital.Chicago Hope
68.8%
Movie: Asneeze in Robin Hood: MIT. TV: Voice of Chef on South Park. Music: Theme from Shaft.Isaac Hayes
62.5%
Movie Title: A biker gang of Tim Allen, John Travolta, Martin Lawrence, and William H Macy meet a REAL biker gang led by Ray Liotta.Wild Hogs
62.5%
TV: Host of the Family Feud since 2010. Hosted Miss Universe..... once.Steve Harvey
59.4%
Hint Answer % Correct
Movie: Paris Carver in Tomorrw Never Dies. TV: Susan Mayer on Desperate Housewives.Teri Hatcher
59.4%
Singer: She's a 'Mississippi Girl'. She's can 'Breathe' and then 'Cry'. She's a 'Wild One' and she's found 'The Secret of Life'.Faith Hill
53.1%
Band: British rockers who took their name from a character in David Copperfield.Uriah Heep
50%
TV: 1986-88 show with Wilford Brimley. Music: Top 20 hit for Madness, different top 20 hit for Crosby, Stills, Nash, and Young.Our House
43.8%
Movie: Winston Zeddmore in Ghostbusters. TV: Warden Leo Glynn on Oz.Ernie Hudson
37.5%
Movie: Julius Levinson in Independence Day. TV: Alex Reiger on Taxi.Judd Hirsch
37.5%
MLB: 1974-90 for the Cardinals and Mets. TV: Spit on Kramer and Newman after a game... or did he?Keith Hernandez
37.5%
Movie: Queen Gorgo in 300. TV: Cersei Lannister, Sarah Connor.Lena Headey
37.5%
MLB: 1979-2003. HOF, MVP, MLB leader in runs (2,295) and stolen bases (1,406)Rickey Henderson
37.5%
NBA: (1994-2013) Sprite-drinking Small Forward for the Pistons, Magic, and Suns.Grant Hill
31.3%
Movie: The Wicked Witch of the West. TV: Granny Frump on The Addams Family.Margaret Hamilton
31.3%
Movie: Pedro Cerrano in Major League. TV: David Palmer on 24.Dennis Haysbert
21.9%
Actor: Played Martin Van Buren in Amistad, played Raymond Cocteau in Demolition Man.Nigel Hawthorne
18.8%

You're not logged in!

Compare scores with friends on all Sporcle quizzes.
Join for Free
OR
Log In

You Might Also Like...

Show Comments

Extras

Top Quizzes Today


Score Distribution

Your Account Isn't Verified!

In order to create a playlist on Sporcle, you need to verify the email address you used during registration. Go to your Sporcle Settings to finish the process.

Report this User

Report this user for behavior that violates our Community Guidelines.

Details: